000
00321 a2200145 4500
001
57183
020
_a
8576662086
040
_c
Anchieta - Pituba
100
_a
Vilachã, Francisco S.
240
1
0
_a
A nova Califórnia
_l
por
245
1
0
_a
A nova Califórnia
300
_a
48
650
4
_a
Literatura juvenil
942
_c
BK
999
_c
57183
_d
57183